000 00275nam a2200121Ia 4500
008 220104s9999 xx 000 0 und d
100 _aStevens H P
245 0 _aRubber seed oil
520 _a(citn only)
650 _aRubber seed
650 _aRubber seed oil
942 _cBE
999 _c47633
_d47633